Pembiakan tumbuh-tumbuhan (Record no. 40541)
[ view plain ]
| 000 -LEADER | |
|---|---|
| fixed length control field | 00664nam a2200241 i 4500 |
| 001 - CONTROL NUMBER | |
| control field | C2-0131171 |
| 003 - CONTROL NUMBER IDENTIFIER | |
| control field | PPAK |
| 005 - DATE AND TIME OF LATEST TRANSACTION | |
| control field | 20180727122209.0 |
| 008 - FIXED-LENGTH DATA ELEMENTS--GENERAL INFORMATION | |
| fixed length control field | 971008s1995 my a|||| ||||| | may d |
| 020 ## - INTERNATIONAL STANDARD BOOK NUMBER | |
| International Standard Book Number | 9838980838 |
| 040 ## - CATALOGING SOURCE | |
| Original cataloging agency | PPAK |
| Language of cataloging | eng |
| Transcribing agency | PPAK |
| Description conventions | rda |
| 082 04 - DEWEY DECIMAL CLASSIFICATION NUMBER | |
| Classification number | 499.2386 |
| Edition number | 23 |
| 090 00 - LOCALLY ASSIGNED LC-TYPE CALL NUMBER (OCLC); LOCAL CALL NUMBER (RLIN) | |
| Classification number (OCLC) (R) ; Classification number, CALL (RLIN) (NR) | 499.2386 |
| Feature heading | SIT |
| Feature heading | K |
| 100 0# - MAIN ENTRY--PERSONAL NAME | |
| Personal name | Siti Rosnah Haji Ahmad, |
| Relator term | author |
| 245 10 - TITLE STATEMENT | |
| Title | Pembiakan tumbuh-tumbuhan |
| 264 #1 - PRODUCTION, PUBLICATION, DISTRIBUTION, MANUFACTURE, AND COPYRIGHT NOTICE | |
| Place of production, publication, distribution, manufacture | Melaka : |
| Name of producer, publisher, distributor, manufacturer | Pustaka Ilham , |
| Date of production, publication, distribution, manufacture, or copyright notice | 1995 |
| 300 ## - PHYSICAL DESCRIPTION | |
| Extent | 26 pages : |
| Other physical details | illustrations ; |
| Dimensions | 21 cm |
| 336 ## - CONTENT TYPE | |
| Source | rdacontent |
| Content type term | text |
| 337 ## - MEDIA TYPE | |
| Source | rdamedia |
| Media type term | unmediated |
| 338 ## - CARRIER TYPE | |
| Source | rdacarrier |
| Carrier type term | volume |
| 650 10 - SUBJECT ADDED ENTRY--TOPICAL TERM | |
| Topical term or geographic name entry element | Bahasa Melayu - Readers |
| 942 ## - ADDED ENTRY ELEMENTS (KOHA) | |
| -- | dc |
| Koha item type | Book |
| Withdrawn | Not for loan | Current library | Shelving location | Date acquired | Full call number | Barcode | Date last seen | Koha item type | Total Checkouts | Total Renewals | Date last checked out |
|---|---|---|---|---|---|---|---|---|---|---|---|
| Perpustakaan Alor Setar | Pinjaman Kanak-kanak | 08/10/1997 | K 499.2386 SIT | A00063601 | 08/05/2018 | Book | |||||
| Perpustakaan Alor Setar | Pinjaman Kanak-kanak | 08/10/1997 | K 499.2386 SIT | A00063602 | 21/02/2022 | Book | 2 | 1 | 15/01/2022 | ||
| Perpustakaan Jitra | Pinjaman Kanak-kanak | 08/10/1997 | K 499.2386 SIT | A00063604 | 08/05/2018 | Book | |||||
| Bergerak 1, Alor Setar | Pinjaman Kanak-kanak | 08/10/1997 | K 499.2386 SIT | A00063608 | 08/05/2018 | Book | |||||
| Bergerak 3, Baling | Pinjaman Kanak-kanak | 08/10/1997 | K 499.2386 SIT | A00063610 | 08/05/2018 | Book | |||||
| Bergerak 4, Sungai Petani | Pinjaman Kanak-kanak | 08/10/1997 | K 499.2386 SIT | A00063611 | 08/05/2018 | Book | |||||
| Bergerak 5, Kulim | Pinjaman Kanak-kanak | 08/10/1997 | K 499.2386 SIT | A00063612 | 08/05/2018 | Book | |||||
| Bergerak 5, Kulim | Pinjaman Kanak-kanak | 08/10/1997 | K 499.2386 SIT | A00063614 | 08/05/2018 | Book | |||||
| PD16, Kg. Jelai, Pendang | Pinjaman Kanak-kanak | 11/05/1999 | K 499.2386 SIT | A00261303 | 08/05/2018 | Book | |||||
| PD17, Kg. Binjul, Kuala Ketil | Pinjaman Kanak-kanak | 11/05/1999 | K 499.2386 SIT | A00261304 | 08/05/2018 | Book | |||||
| PD18, Kg. Wang Tepus, Jitra | Pinjaman Kanak-kanak | 11/05/1999 | K 499.2386 SIT | A00261305 | 08/05/2018 | Book | |||||
| PD20, Felda Lubuk Merbau, Pendang | Pinjaman Kanak-kanak | 11/05/1999 | K 499.2386 SIT | A00261307 | 08/05/2018 | Book |